Nepal and the world a statistical profile 2006.
| Format: | Book |
|---|---|
| Published: |
Milan:
FNCC,
2006.
|
| Subjects: |
| LEADER | 00401cam a2200133 7i4500 | ||
|---|---|---|---|
| 001 | 0000021217 | ||
| 005 | 20080512090000.0 | ||
| 090 | 0 | 0 | |a CD 338.06 |b NEP |
| 245 | 0 | 0 | |a Nepal and the world a statistical profile 2006. |
| 260 | 0 | 0 | |a Milan: |b FNCC, |c 2006. |
| 300 | # | # | |a Electronic computer optical disc[CD-ROM]. |
| 650 | 0 | 0 | |a Statistics |
| 651 | 0 | 0 | |a Nepal |
| 999 | |a CDR000615H |b CD-ROM |c AV Collection |e Business Information Centre | ||